Odpowiedź zaczyna się na "Z" - Statystyki

Ogólne statystyki
  • Ten quiz został rozwiązany 166 razy
  • Średni wynik to 9 z 15
Statystyki odpowiedzi
Hint Odpowiedź % Poprawnych
Stolica Chorwacji Zagrzeb
97%
W mitologii greckiej najwyższy z bogów Zeus
97%
Symbol chemiczny cynku Zn
88%
Polskie miasto, które za sprawą unikatowego zespołu architektoniczno-urbanistycznego Starego Miasta bywa nazywany „perłą renesansu”, „miastem arkad” i „Padwą północy" Zamość
71%
Wyspa na Oceanie Indyjskim; należy w całości do Tanzanii Zanzibar
66%
Gatunek niejadowitego węża z rodziny połozowatych, lubi przebywać na obszarach podmokłych, bagnistych, niedaleko jezior Zaskroniec
66%
Państwo ze stolicą w Harare, najwyższym szczytem jest Inyangani Zimbabwe
64%
Pierwszoplanowa postać literacka z powieści Krzyżacy Henryka Sienkiewicza Zbyszko
59%
Komórka powstała w wyniku zapłodnienia Zygota
57%
Nazwisko Zbigniewa, polski aktor filmowy, teatralny i dubbingowy, lektor, piosenkarz, kompozytor muzyki do etiud filmowych Zamachowski
45%
Amerykańska aktorka i piosenkarka, znana np. z filmów Spiderman, czy Diuna Zendaya
43%
Nazwisko chińskiego dyktatora w latach 1949–1976 Zedong
38%
Imię szwedzkiej piosenkarki i autorki piosenek, np. "Lush Life" Zara
27%
Pseudonim polskiej influenserki Karoliny Smoguleckiej Zusje
24%
Wycinanie drzew, oczyszczanie z gałęzi i korowanie Zrąb
17%
Nie znaleziono quizów pasujących do podanych kryteriów
Rozkład punktacji
Procent ludzi z każdym wynikiem
Percentyl według liczby udzielonych odpowiedzi
Twoja historia wyników
Nie rozwiązałeś tego quizu